Sun Come Up.

Sun Come Up is an Academy Award® nominated film that shows the human face of climate change. The film follows the relocation of the Carteret Islanders, a community living on a remote island chain in the South Pacific Ocean, and now, some of the world's first environmental refugees. When climate...

Full description

Bibliographic Details
Corporate Author: Kanopy (Firm)
Format: Video
Language:Undetermined
Language Notes:In English
Published: [San Francisco, California, USA] : Kanopy Streaming, 2015.
Subjects:
Online Access:Connect to this streaming video

MARC

Tag First Indicator Second Indicator Subfields
LEADER 00000cgm a2200000za 4500
001 in00003589721
005 20210125085351.0
006 m o c
007 vz uzazuu
007 cr una---unuuu
008 150908p20152010cau038 o vlund d
028 5 2 |a 1144940  |b Kanopy 
035 |a (OCoLC)921954511 
035 |a (CaSfKAN)kan1144940 
040 |a VDU  |b eng  |c VDU  |d UtOrBLW 
245 0 0 |a Sun Come Up. 
264 1 |a [San Francisco, California, USA] :  |b Kanopy Streaming,  |c 2015. 
300 |a 1 online resource (streaming video file) 
306 |a Duration: 39 minutes 
336 |a two-dimensional moving image  |b tdi  |2 rdacontent 
337 |a computer  |b c  |2 rdamedia 
338 |a online resource  |b cr  |2 rdacarrier 
500 |a Title from title frames. 
500 |a In Process Record. 
518 |a Originally produced by New Day Films in 2010. 
520 |a Sun Come Up is an Academy Award® nominated film that shows the human face of climate change. The film follows the relocation of the Carteret Islanders, a community living on a remote island chain in the South Pacific Ocean, and now, some of the world's first environmental refugees. When climate change threatens their survival, the islanders face a painful decision. They must leave their ancestral land in search of a new place to call home. Sun Come Up follows a group of young islanders as they search for land in war-torn Bougainville, 50 miles across the open ocean. Sun Come Up provokes discussion about climate change, displacement, and the rights of vulnerable communities around the globe. "Sun Come Up is a lovely, moving, and valuable report on the environmental and social consequences of the global warming. People in America who still doubt the reality, let alone the cost, of global warming should be required to watch this film, and all students, teachers, and members of the public would be benefit from seeing it." - Anthropology Review Database- David Eller Awards Academy Award® Nominee - Best Documentary Short, 2011 US Broadcast - HBO Documentary Films, 2011 IDA DocuWeeks -Theatrical Showcase ,2010 Winner - Crystal Heart Award, Heartland Festival, 2010 Winner - Golden Cine Best of Festival, Montana Cine Festival, 2010 Winner - Best Cultural/Human Interest Film, Flagstaff Mountain Festival, 2010 Special Mention - Cinemambiente, Italy, 2010 Official selection - Full Frame, 2010 Official selection - Camerimage, 2010 
538 |a Mode of access: World Wide Web. 
546 |a In English 
500 |a Electronic resource. 
653 |a Anthropology 
653 |a Environmental Sciences 
653 |a Human Rights 
653 |a Sociology, Documentaries 
700 1 |a Redfearn, Jennifer,  |e filmmaker.  |0 http://id.loc.gov/authorities/names/no2011051580 
710 2 |a Kanopy (Firm)  |0 http://id.loc.gov/authorities/names/no2014091415 
856 4 0 |u http://proxy.library.tamu.edu/login?url=https://texasam.kanopy.com/node/144941  |z Connect to this streaming video  |t 0 
955 |a Kanopy PDA Purchase 
980 |b 150.00  |g 1 
999 f f |s 1bac2bbb-fe5e-3cf3-b544-8ccecf194e58  |i e3cfd4f3-16c5-3b2f-b7f4-e6f4cda54bdc  |t 0 
952 f f |a Texas A&M University  |b College Station  |c Electronic Resources  |d Available Online  |t 0  |e 1144940  |h Other scheme 
998 f f |a 1144940  |t 0  |l Available Online